Eficiència energètica /
ISBN:
9788498036541
Descripción Física:
355 pàgines : il·lustracions ; 29 cm
Colección:
Documents de Treball. Sèrie Medi Ambient
; 7
Materias:
Energia -- Estalvi -- Barcelona (Província)
; Administració local -- Barcelona (Catalunya : Província)
; Manuals, vademècums, etc.
Idioma:
Catalán
MARC
| LEADER | 00000nam a2200000 a 4500 | ||
|---|---|---|---|
| 001 | 26176 | ||
| 003 | Arxiu | ||
| 005 | 20260324181128.0 | ||
| 008 | 220706b spa||||| |||| 00| 0 cat d | ||
| 017 | |a DL B 7458-2013 | ||
| 020 | |a 9788498036541 | ||
| 080 | |a Bib-784 | ||
| 245 | 0 | 0 | |a Eficiència energètica / |c coordinació: Salvador Fuente Bayó ; direcció: Domènec Cucurull Descarrega |
| 260 | |a Barcelona : |b Diputació de Barcelona, |c abril 2013 | ||
| 300 | |a 355 pàgines : |b il·lustracions ; |c 29 cm | ||
| 490 | |a Documents de Treball. Sèrie Medi Ambient ; |v 7 | ||
| 546 | |a Text en català, castellà i anglès | ||
| 650 | 0 | |9 49846 |a Energia |x Estalvi |z Barcelona (Província) | |
| 650 | 0 | |a Administració local |x Barcelona (Catalunya : Província) |9 30797 | |
| 655 | 0 | |9 52956 |a Manuals, vademècums, etc. | |
| 700 | 1 | |a Fuentes Bayó, Salvador |e coordinador |9 17868 | |
| 700 | |9 49433 |a Cucurull, Domènec |e director | ||
| 710 | 1 | |a Barcelona (Catalunya : Província). |b Àrea de Territori i Sostenibilitat |9 52770 | |
| 942 | |2 udc |c ARXIU |n 1 | ||
| 952 | |0 0 |1 0 |4 0 |6 BIB785 |7 1 |9 62687 |a Arxiu |b Arxiu |d 2022-07-06 |l 0 |o Bib-785 |p 26176 |r 2022-07-06 00:00:00 |w 2022-07-06 |y ARXIU | ||
| 999 | |c 82219 |d 82219 | ||